Normal view
MARC view
Entry Geographic Name
001 - CONTROL NUMBER
- control field: 76055
003 - CONTROL NUMBER IDENTIFIER
- control field: OSt
005 - DATE AND TIME OF LATEST TRANSACTION
- control field: 20190730125835.0
008 - FIXED-LENGTH DATA ELEMENTS
- fixed length control field: 190730|| aca||aabn | a|a d
040 ## - CATALOGING SOURCE
- Original cataloging agency: OSt
- Transcribing agency: OSt
151 ## - HEADING--GEOGRAPHIC NAME
- Geographic name: इतिहास
670 ## - SOURCE DATA FOUND
- Source citation: Work cat.: (OSt): प्रकाश , जय 76054, लोक का अंत संसार , 2016









